[Event "XXX Memorial Edoardo Crespi A"]
[Site "Milano ITA"]
[Date "2009.12.09"]
[Round "6"]
[White "Bertazzo, Giorgio"]
[Black "Massironi, Marco"]
[Result "1-0"]
[WhiteElo "2087"]
[BlackElo "2149"]
[PlyCount "107"]
[EventDate "2009.12.05"]

1. e4 c5 2. Nf3 d6 3. d4 cxd4 4. Nxd4 Nf6 5. Nc3 a6 6. Be2 e5 7. Nf3 h6 8. a4
Be6 9. O-O Nbd7 10. b3 Rc8 11. Bb2 Qa5 12. Qe1 Be7 13. Rc1 Qc7 14. Nd2 d5 15.
exd5 Nxd5 16. Nxd5 Bxd5 17. Bc4 Bc6 18. f4 Bc5+ 19. Kh1 O-O 20. fxe5 b5 21.
axb5 axb5 22. Bd3 Rfe8 23. Nf3 Bxf3 24. Rxf3 Nxe5 25. Bxe5 Rxe5 26. Qf1 Ba7 27.
Bxb5 Bb8 28. g3 Qb7 29. Bc4 Re3 30. Kg2 g5 31. Bxf7+ Kg7 32. Bh5 Rcc3 33. Re1
Qe4 34. Rexe3 Rxe3 35. Kh3 Qe6+ 36. Bg4 Rxf3 37. Qxf3 Qd6 38. Qc3+ Kg6 39. Qh8
Kf7 40. Qh7+ Ke8 41. Qg8+ Ke7 42. c4 Qf6 43. Qh7+ Kd6 44. Qd7+ Kc5 45. Qb5+ Kd4
46. c5 Qe5 47. Qc4+ Ke3 48. b4 Kf2 49. Qc2+ Ke1 50. b5 Qe8 51. b6 h5 52. Qe2+
Qxe2 53. Bxe2 Kxe2 54. c6 1-0

[Event "XXX Memorial Edoardo Crespi A"]
[Site "Milano ITA"]
[Date "2009.12.09"]
[Round "6"]
[White "Bonanno, Alessandro"]
[Black "Profumo, Alberto"]
[Result "1-0"]
[WhiteElo "2135"]
[BlackElo "2223"]
[PlyCount "51"]
[EventDate "2009.12.05"]

1. e4 c6 2. d4 d5 3. e5 Bf5 4. Nc3 e6 5. g4 Bg6 6. Nge2 f6 7. h4 Nd7 8. f4 h5
9. f5 exf5 10. Nf4 Bh7 11. g5 Qe7 12. Qxh5+ g6 13. Nxg6 Qf7 14. Nf4 Qxh5 15.
Nxh5 fxe5 16. dxe5 Nxe5 17. Bf4 Bd6 18. O-O-O Kf7 19. Nxd5 cxd5 20. Rxd5 Ke6
21. Bxe5 Kxd5 22. Bxh8 Ne7 23. Bc3 Kc6 24. Nf6 Bg8 25. Bg2+ Kc7 26. Ba5+ 1-0

[Event "XXX Memorial Edoardo Crespi A"]
[Site "Milano ITA"]
[Date "2009.12.09"]
[Round "6"]
[White "Borin, Fabio"]
[Black "Stromboli, Ettore"]
[Result "0-1"]
[WhiteElo "2104"]
[BlackElo "2260"]
[PlyCount "46"]
[EventDate "2009.12.05"]

1. e4 e6 2. d4 d5 3. Nc3 Bb4 4. e5 c5 5. dxc5 Ne7 6. Qg4 Nbc6 7. Qxg7 Rg8 8.
Qh6 d4 9. a3 dxc3 10. axb4 Qd4 11. Qe3 cxb2 12. Qxd4 bxc1=Q+ 13. Rxc1 Nxd4 14.
c3 Ndf5 15. Nf3 Bd7 16. Nd2 Bc6 17. f3 Ng6 18. Nc4 Bb5 19. Nb6 Bxf1 20. Nxa8
Bxg2 21. Rg1 Nxe5 22. Ke2 Kd7 23. f4 Ng6 0-1

[Event "XXX Memorial Edoardo Crespi A"]
[Site "Milano ITA"]
[Date "2009.12.09"]
[Round "6"]
[White "Bove, Alessandro"]
[Black "Naumkin, Igor"]
[Result "1/2-1/2"]
[WhiteElo "2337"]
[BlackElo "2463"]
[PlyCount "34"]
[EventDate "2009.12.05"]

1. e4 e5 2. Bc4 Nf6 3. d3 Nc6 4. Nc3 Bb4 5. Nge2 d5 6. exd5 Nxd5 7. O-O Nxc3 8.
bxc3 Be7 9. Ng3 O-O 10. f4 exf4 11. Bxf4 Na5 12. Bb3 Nxb3 13. axb3 Be6 14. Qh5
Qd7 15. Ne4 f6 16. Rae1 b6 17. Qf3 a5 1/2-1/2

[Event "XXX Memorial Edoardo Crespi A"]
[Site "Milano ITA"]
[Date "2009.12.09"]
[Round "6"]
[White "Bozzali, Ermanno"]
[Black "Ocantos, Manuel"]
[Result "0-1"]
[WhiteElo "2124"]
[BlackElo "2161"]
[PlyCount "120"]
[EventDate "2009.12.05"]

1. e4 e5 2. Nf3 Nf6 3. Nxe5 d6 4. Nf3 Nxe4 5. Nc3 Nxc3 6. dxc3 Be7 7. Bf4 Nd7
8. Qd2 Nc5 9. O-O-O O-O 10. Kb1 Re8 11. Be3 Bf6 12. Bc4 Be6 13. Bxe6 Nxe6 14.
h4 Qd7 15. g4 Qc6 16. Nd4 Nxd4 17. cxd4 Qd5 18. g5 Be7 19. h5 Bf8 20. Qd3 Re6
21. Rdg1 c5 22. dxc5 Qxd3 23. cxd3 dxc5 24. Rc1 Re5 25. Rcd1 Rd5 26. d4 Rad8
27. Rh4 Be7 28. Rg4 b6 29. Re4 Kf8 30. f4 f5 31. gxf6 Bxf6 32. h6 g6 33. Re6
Kf7 34. Rc6 cxd4 35. Bd2 Re8 36. Bb4 Rd7 37. a4 Re4 38. Bd2 Re2 39. a5 bxa5 40.
Ra6 Rh2 41. Rxa5 Rxh6 42. f5 Rh5 43. fxg6+ hxg6 44. Ra6 Rhd5 45. Rf1 R5d6 46.
Rxd6 Rxd6 47. Bg5 Kg7 48. Bxf6+ Rxf6 49. Rc1 g5 50. Rc7+ Rf7 51. Rc5 Kg6 52.
Rd5 Rf4 53. Kc2 g4 54. Rd6+ Kg5 55. Kd3 g3 56. Rd5+ Kg4 57. Rd7 g2 58. Rxa7 Kf3
59. Rg7 Rg4 60. Rf7+ Kg3 0-1

[Event "XXX Memorial Edoardo Crespi A"]
[Site "Milano ITA"]
[Date "2009.12.09"]
[Round "6"]
[White "Brunello, Roberta"]
[Black "Gamboa, Miguel"]
[Result "1/2-1/2"]
[WhiteElo "2016"]
[BlackElo "2175"]
[PlyCount "76"]
[EventDate "2009.12.05"]

1. e4 e5 2. Nf3 Nc6 3. d4 exd4 4. Nxd4 Nf6 5. Nc3 Bb4 6. Nxc6 bxc6 7. Bd3 d5 8.
exd5 cxd5 9. O-O O-O 10. Bg5 c6 11. Na4 h6 12. Bh4 Re8 13. Rc1 Bd6 14. c4 g5
15. Bg3 Bg4 16. Qc2 Be6 17. Bf5 Qd7 18. Bxe6 Qxe6 19. cxd5 cxd5 20. Bxd6 Qxd6
21. Qd3 Rad8 22. Nc5 Re7 23. Nb3 Re4 24. Nd4 Qf4 25. Ne2 Qe5 26. Ng3 Rd4 27.
Qc2 Ne4 28. Rfe1 Qf6 29. Rcd1 Rxd1 30. Rxd1 Nxg3 31. hxg3 d4 32. Qc4 Qe5 33. b3
Kg7 34. Kf1 a5 35. Qe2 Qd5 36. Qc4 Qe5 37. Qe2 Qd5 38. Qc4 Qe5 1/2-1/2

[Event "XXX Memorial Edoardo Crespi A"]
[Site "Milano ITA"]
[Date "2009.12.09"]
[Round "6"]
[White "Calella, Sergio"]
[Black "Radice, Luca"]
[Result "1/2-1/2"]
[WhiteElo "2080"]
[BlackElo "2088"]
[PlyCount "61"]
[EventDate "2009.12.05"]

1. e4 e6 2. d4 d5 3. Nc3 Bb4 4. e5 c5 5. a3 Bxc3+ 6. bxc3 Qc7 7. Qg4 f5 8. Qg3
cxd4 9. cxd4 Ne7 10. Bd2 O-O 11. Bd3 b6 12. Ne2 Ba6 13. Bxa6 Nxa6 14. c3 Nb8
15. O-O Nbc6 16. h4 Rf7 17. h5 Na5 18. Bg5 Rc8 19. h6 g6 20. Nf4 Qd7 21. Nh5
Kf8 22. Ng7 Rc6 23. Qh3 Qc8 24. Rac1 Nb3 25. Rce1 Rxc3 26. Nxe6+ Kg8 27. Re3
Rxe3 28. Qxe3 Qxe6 29. Qxb3 Nc6 30. Qa4 Na5 31. Rc1 1/2-1/2

[Event "XXX Memorial Edoardo Crespi A"]
[Site "Milano ITA"]
[Date "2009.12.09"]
[Round "6"]
[White "Codenotti, Marco"]
[Black "Brunello, Marina"]
[Result "1/2-1/2"]
[WhiteElo "2118"]
[BlackElo "2158"]
[PlyCount "76"]
[EventDate "2009.12.05"]

1. e4 c5 2. Nf3 d6 3. d4 cxd4 4. Nxd4 Nf6 5. Nc3 a6 6. h3 e5 7. Nde2 Be7 8. g4
Be6 9. Ng3 d5 10. g5 Nxe4 11. Ngxe4 dxe4 12. Qxd8+ Bxd8 13. Bg2 Be7 14. Be3 Nd7
15. Nxe4 O-O 16. O-O-O Rab8 17. f4 f5 18. gxf6 gxf6 19. Nd6 Bxd6 20. Rxd6 Bf5
21. fxe5 Nxe5 22. Rf1 Bg6 23. Rdxf6 Rxf6 24. Rxf6 Rc8 25. c3 Nd3+ 26. Kd2 Nxb2
27. Bd4 Bf7 28. Kc2 Nc4 29. Bxb7 Rb8 30. Bxa6 Na3+ 31. Kd3 Bxa2 32. Rb6 Ra8 33.
Bc5 Rxa6 34. Rxa6 Bc4+ 35. Kd4 Bxa6 36. Bxa3 Bf1 37. h4 Kf7 38. c4 Ke6 1/2-1/2

[Event "XXX Memorial Edoardo Crespi A"]
[Site "Milano ITA"]
[Date "2009.12.09"]
[Round "6"]
[White "David, Alberto"]
[Black "Sumets, Andrey"]
[Result "1/2-1/2"]
[WhiteElo "2593"]
[BlackElo "2621"]
[PlyCount "115"]
[EventDate "2009.12.05"]

1. e4 e6 2. d4 d5 3. e5 c5 4. c3 Nc6 5. Nf3 Bd7 6. Be2 Nge7 7. Na3 cxd4 8. cxd4
Nf5 9. Nc2 Nb4 10. O-O Nxc2 11. Qxc2 Qb6 12. Qd3 a6 13. a4 Bb4 14. Bf4 h6 15.
h4 Ne7 16. Rfd1 Nc6 17. h5 Na5 18. Nd2 Rc8 19. Nb3 Nxb3 20. Qxb3 Qa5 21. Qg3
Kf8 22. Qg4 Rc2 23. Rd3 Kg8 24. Bd1 Rc7 25. Bb3 b5 26. Rg3 Bf8 27. Qd1 bxa4 28.
Bxa4 Bxa4 29. Qxa4 Qxa4 30. Rxa4 Be7 31. Rb3 Bg5 32. Bxg5 hxg5 33. g4 Ra7 34.
Rb8+ Kh7 35. Rxh8+ Kxh8 36. b4 Rc7 37. Rxa6 Rc4 38. Ra8+ Kh7 39. b5 Rxd4 40. f3
Rb4 41. Rb8 Rb2 42. Kf1 d4 43. Ke1 d3 44. Kd1 Re2 45. b6 Rxe5 46. Kd2 Rd5 47.
b7 Rb5 48. Kxd3 f6 49. Kc4 Rb1 50. Kc5 e5 51. Kc6 Rc1+ 52. Kd6 Rb1 53. Ke6 Rb3
54. Kf7 Rb6 55. h6 gxh6 56. Re8 Rxb7+ 57. Kxf6 Rb6+ 58. Kxe5 1/2-1/2

[Event "XXX Memorial Edoardo Crespi A"]
[Site "Milano ITA"]
[Date "2009.12.09"]
[Round "6"]
[White "Facchetti, Gianni"]
[Black "Barberi, Alessandro"]
[Result "1-0"]
[WhiteElo "2162"]
[BlackElo "2098"]
[PlyCount "45"]
[EventDate "2009.12.05"]

1. e4 g6 2. d4 Bg7 3. Nc3 d6 4. Nge2 a6 5. a4 b6 6. g3 Bb7 7. Bg2 Nd7 8. O-O e6
9. f4 Ne7 10. Be3 O-O 11. d5 exd5 12. exd5 Nf5 13. Bf2 Re8 14. Qd2 h5 15. Nd4
Nxd4 16. Bxd4 f5 17. Bxg7 Kxg7 18. Ne2 Nf6 19. Nd4 Nxd5 20. c4 Ne3 21. Bxb7
Nxf1 22. Rxf1 Ra7 23. Nc6 1-0

[Event "XXX Memorial Edoardo Crespi A"]
[Site "Milano ITA"]
[Date "2009.12.09"]
[Round "6"]
[White "Feuerstack, Aljoscha"]
[Black "Farago, Ivan"]
[Result "0-1"]
[WhiteElo "2373"]
[BlackElo "2497"]
[PlyCount "80"]
[EventDate "2009.12.05"]

1. e4 e6 2. d4 d5 3. Nd2 Nf6 4. e5 Nfd7 5. c3 c5 6. f4 Nc6 7. Ndf3 Qb6 8. Ne2
f5 9. a3 cxd4 10. cxd4 Qd8 11. Nc3 Nb6 12. Bd3 Be7 13. b3 O-O 14. h4 Bd7 15. g4
Rc8 16. gxf5 exf5 17. Bb2 Be8 18. h5 Qd7 19. Qc2 Qe6 20. Qg2 Qh6 21. Ne2 a5 22.
Nh4 Bxh4+ 23. Rxh4 a4 24. b4 Ne7 25. Rd1 Ng6 26. Rh3 Nxf4 27. Nxf4 Qxf4 28. h6
g6 29. Qg3 Qxg3+ 30. Rxg3 Bd7 31. Rg2 f4 32. Rf2 Nc4 33. Bxc4 Rxc4 34. Kd2 Bf5
35. Rc1 Rxc1 36. Bxc1 Be4 37. Ke1 g5 38. b5 Kf7 39. Bd2 Rc8 40. Bb4 Ke6 0-1

[Event "XXX Memorial Edoardo Crespi A"]
[Site "Milano ITA"]
[Date "2009.12.09"]
[Round "6"]
[White "Garano, Nicola"]
[Black "Crippa, Gabriele"]
[Result "1-0"]
[WhiteElo "2189"]
[BlackElo "2092"]
[PlyCount "71"]
[EventDate "2009.12.05"]

1. e4 d6 2. d4 Nf6 3. Nc3 Nbd7 4. g4 e5 5. g5 Ng8 6. Bc4 c6 7. Be3 h6 8. Nf3 g6
9. dxe5 dxe5 10. Qd2 Qe7 11. O-O-O h5 12. Bb3 Bg7 13. Ne1 h4 14. Rf1 Nf8 15.
Bc5 Qd7 16. Qe3 Qh3 17. Qd2 Ne6 18. Nd5 Bd7 19. Nf6+ Nxf6 20. gxf6 Bh6 21. Be3
Bxe3 22. fxe3 Nc5 23. Bxf7+ Kxf7 24. Nf3 Rh5 25. Qd6 Re8 26. Qxc5 Bg4 27. Qc4+
Be6 28. Rd7+ Kf8 29. Qb4+ Kg8 30. Rg7+ Kh8 31. Nd2 Qxe3 32. f7 Bxf7 33. Rgxf7
c5 34. Qxb7 Qh6 35. Qxa7 Rd8 36. Qa5 1-0

[Event "XXX Memorial Edoardo Crespi A"]
[Site "Milano ITA"]
[Date "2009.12.09"]
[Round "6"]
[White "Genocchio, Daniele"]
[Black "Foisor, Ovidiu-Doru"]
[Result "1-0"]
[WhiteElo "2464"]
[BlackElo "2420"]
[PlyCount "85"]
[EventDate "2009.12.05"]

1. e4 e6 2. d4 d5 3. Nc3 dxe4 4. Nxe4 Bd7 5. Nf3 Bc6 6. Neg5 Bd6 7. Nxf7 Kxf7
8. Ng5+ Ke8 9. Nxe6 Qh4 10. Nxg7+ Kd7 11. Nf5 Qe4+ 12. Ne3 Ne7 13. Be2 Rg8 14.
c4 Kd8 15. c5 Bf4 16. Bf3 Qg6 17. d5 Bd7 18. c6 bxc6 19. O-O Bd6 20. Qb3 cxd5
21. Nxd5 Nbc6 22. Nxe7 Kxe7 23. g3 Rab8 24. Qe3+ Kd8 25. Rd1 h5 26. Be4 Qg4 27.
Bd2 h4 28. Bc3 hxg3 29. hxg3 Rb6 30. Rac1 Qh4 31. Qf3 Kc8 32. Bf6 Qh6 33. Bxc6
Bg4 34. Qc3 Bxd1 35. Rxd1 Bxg3 36. fxg3 Rxc6 37. Qxc6 Rxg3+ 38. Kf1 Qh3+ 39.
Ke1 Rg1+ 40. Kd2 Qh2+ 41. Kc1 Qf4+ 42. Kc2 Qf5+ 43. Rd3 1-0

[Event "XXX Memorial Edoardo Crespi A"]
[Site "Milano ITA"]
[Date "2009.12.09"]
[Round "6"]
[White "Gori, Andrea"]
[Black "Sullolari, Saip"]
[Result "1-0"]
[WhiteElo "2182"]
[BlackElo "2106"]
[PlyCount "81"]
[EventDate "2009.12.05"]

1. e4 c5 2. Nf3 d6 3. d4 cxd4 4. Nxd4 Nf6 5. f3 e6 6. c4 a6 7. Nc3 b6 8. Be3
Bb7 9. Qd2 Be7 10. Be2 O-O 11. O-O Nbd7 12. g4 Ne5 13. g5 Nfd7 14. f4 Nc6 15.
Nc2 Re8 16. Rf3 f6 17. h4 Rc8 18. Rg3 Na5 19. b3 Qc7 20. Nd4 Nf8 21. Bg4 Bd8
22. Rd1 Qe7 23. f5 e5 24. Ne6 Nxe6 25. fxe6 Kh8 26. Qxd6 Qxd6 27. Rxd6 Rc6 28.
Rd7 Bc8 29. Ra7 Bxe6 30. Bxe6 Rcxe6 31. gxf6 Bxf6 32. Nd5 Nc6 33. Rb7 Nd8 34.
Ra7 g6 35. h5 Bg7 36. h6 Bf8 37. Rf3 Be7 38. Nc7 Bc5 39. Bxc5 bxc5 40. Nxe8
Rxe8 41. Rf6 1-0

[Event "XXX Memorial Edoardo Crespi A"]
[Site "Milano ITA"]
[Date "2009.12.09"]
[Round "6"]
[White "Iudicello, Giovanni"]
[Black "Ranfagni, Stefano"]
[Result "1/2-1/2"]
[WhiteElo "2179"]
[BlackElo "2014"]
[PlyCount "44"]
[EventDate "2009.12.05"]

1. e4 e5 2. Nf3 Nf6 3. Nxe5 d6 4. Nf3 Nxe4 5. d3 Nf6 6. d4 d5 7. Bd3 Bd6 8. O-O
O-O 9. Bg5 Bg4 10. Nbd2 h6 11. Bh4 Nbd7 12. Bg3 Bxg3 13. hxg3 c6 14. c3 Qc7 15.
Re1 Rae8 16. Qc2 Rxe1+ 17. Rxe1 Re8 18. Rxe8+ Nxe8 19. Nh2 Ndf6 20. Nxg4 Nxg4
21. Qd1 Ngf6 22. Qe2 Kf8 1/2-1/2

[Event "XXX Memorial Edoardo Crespi A"]
[Site "Milano ITA"]
[Date "2009.12.09"]
[Round "6"]
[White "Loehnhardt, Benjamin"]
[Black "Astengo, Marcello"]
[Result "0-1"]
[WhiteElo "2076"]
[BlackElo "2147"]
[PlyCount "60"]
[EventDate "2009.12.05"]

1. e4 e6 2. d4 d5 3. exd5 exd5 4. Bd3 c5 5. dxc5 Bxc5 6. Qf3 Nc6 7. Qg3 Nf6 8.
Ne2 Ng4 9. O-O h5 10. Nbc3 Nce5 11. Bb5+ Kf8 12. h3 g5 13. hxg4 Nxg4 14. Be3
Bd6 15. f4 Be6 16. Rad1 h4 17. Qf3 Nh2 18. Qf2 Ng4 19. Qf3 Nh2 20. Qf2 Ng4 21.
Qf3 Nh2 22. f5 Nxf3+ 23. Rxf3 g4 24. Rff1 Bd7 25. Bxd7 Qxd7 26. Rxd5 Qe7 27.
Bd4 f6 28. Nb5 Qxe2 29. Nxd6 h3 30. Rf2 h2+ 0-1

[Event "XXX Memorial Edoardo Crespi A"]
[Site "Milano ITA"]
[Date "2009.12.09"]
[Round "6"]
[White "Melia, Salome"]
[Black "Bonazzi, Edoardo"]
[Result "1-0"]
[WhiteElo "2436"]
[BlackElo "2193"]
[PlyCount "103"]
[EventDate "2009.12.05"]

1. e4 c6 2. d4 d5 3. f3 g6 4. Nc3 Bg7 5. Be3 Qb6 6. Qd2 Qxb2 7. Rb1 Qa3 8. exd5
Nf6 9. Bc4 O-O 10. Nge2 Nbd7 11. dxc6 bxc6 12. O-O Nb6 13. Bb3 Ba6 14. Bh6 Nbd5
15. Rfe1 Rfd8 16. Bxg7 Kxg7 17. Ne4 Bxe2 18. Rxe2 Qb4 19. Qxb4 Nxb4 20. Nc5
Nbd5 21. Bxd5 Nxd5 22. Rb7 Rdb8 23. c4 Rxb7 24. Nxb7 Nb6 25. Na5 Rd8 26. c5 Nd5
27. Nxc6 Rd7 28. Rb2 Rc7 29. Na5 e5 30. c6 exd4 31. Rb5 Nf4 32. Kf2 Kf6 33. g3
Ne6 34. Ke2 Ke7 35. Kd3 Nd8 36. Kxd4 Nxc6+ 37. Nxc6+ Rxc6 38. Rb7+ Ke6 39. Rxa7
Rc2 40. h4 Rg2 41. g4 Rh2 42. Ra6+ Ke7 43. Ke5 Re2+ 44. Kf4 Rh2 45. Kg5 Rf2 46.
Ra3 h5 47. gxh5 Rg2+ 48. Kh6 gxh5 49. Kxh5 Kf6 50. Ra5 Ke6 51. a4 Kf6 52. Rg5
1-0

[Event "XXX Memorial Edoardo Crespi A"]
[Site "Milano ITA"]
[Date "2009.12.09"]
[Round "6"]
[White "Nicolo', Filippo"]
[Black "Salvador, Roland"]
[Result "0-1"]
[WhiteElo "2062"]
[BlackElo "2491"]
[PlyCount "62"]
[EventDate "2009.12.05"]

1. e4 c5 2. Nf3 Nc6 3. Nc3 Nd4 4. Bc4 Nf6 5. d3 d6 6. h3 a6 7. a3 b5 8. Ba2 Bb7
9. Be3 Nxf3+ 10. Qxf3 e6 11. Qg3 Be7 12. O-O Qc7 13. Ne2 h5 14. f4 h4 15. Qf2
d5 16. e5 d4 17. exf6 dxe3 18. Qxe3 gxf6 19. f5 Rg8 20. Rf2 e5 21. Nc3 c4 22.
Ne4 O-O-O 23. Kh1 Rd4 24. b4 Rgd8 25. Rc1 Kb8 26. Bb1 Rc8 27. c3 cxd3 28. Bxd3
Rd7 29. c4 bxc4 30. Bxc4 Bxe4 31. Qxe4 Rd4 0-1

[Event "XXX Memorial Edoardo Crespi A"]
[Site "Milano ITA"]
[Date "2009.12.09"]
[Round "6"]
[White "Piscopo, Pierluigi"]
[Black "Malaniuk, Vladimir P."]
[Result "0-1"]
[WhiteElo "2429"]
[BlackElo "2573"]
[PlyCount "70"]
[EventDate "2009.12.05"]

1. e4 e5 2. Nf3 Nc6 3. Bc4 Nf6 4. d3 Be7 5. O-O O-O 6. Re1 d6 7. a4 Na5 8. Ba2
c5 9. c3 Nc6 10. Na3 Be6 11. Nc4 h6 12. Bd2 a6 13. Qb1 b5 14. Ne3 Re8 15. b4
cxb4 16. cxb4 Bf8 17. Qb2 Qd7 18. Bc3 Reb8 19. a5 Re8 20. Bb1 Qb7 21. Bc2 Rad8
22. Rad1 Rc8 23. d4 exd4 24. Nxd4 Nxd4 25. Bxd4 Nxe4 26. f3 Ng5 27. Qb1 Bd7 28.
Ba1 Qa7 29. Bd4 Qb7 30. Bb3 Bc6 31. Nf5 Bxf3 32. Nxh6+ Kh8 33. Nxf7+ Nxf7 34.
gxf3 Qxf3 35. Bd5 Rxe1+ 0-1

[Event "XXX Memorial Edoardo Crespi A"]
[Site "Milano ITA"]
[Date "2009.12.09"]
[Round "6"]
[White "Ricci, Marco"]
[Black "Stojanovic, Andjelija"]
[Result "0-1"]
[WhiteElo "2081"]
[BlackElo "2329"]
[PlyCount "68"]
[EventDate "2009.12.05"]

1. e4 c5 2. Nf3 Nc6 3. Bb5 g6 4. O-O Bg7 5. Nc3 e5 6. a4 Nge7 7. d3 O-O 8. Be3
Nd4 9. Bc4 d6 10. h3 h6 11. Nd5 Kh7 12. Nd2 f5 13. f4 Nxd5 14. Bxd5 exf4 15.
Bxf4 g5 16. Bh2 f4 17. c3 Nc6 18. h4 Ne5 19. d4 cxd4 20. cxd4 Ng4 21. Nc4 Qf6
22. e5 dxe5 23. hxg5 Qxg5 24. Nxe5 Bxe5 25. dxe5 Qh4 26. Qd3+ Bf5 27. Qh3 Qxh3
28. gxh3 Ne3 29. Bg2 Rg8 30. Rxf4 Rxg2+ 31. Kh1 Re2 32. Bg1 Be6 33. Bxe3 Rg8
34. Bf2 Bd5+ 0-1

[Event "XXX Memorial Edoardo Crespi A"]
[Site "Milano ITA"]
[Date "2009.12.09"]
[Round "6"]
[White "Rota, Simone"]
[Black "Cani, Gazmir"]
[Result "1-0"]
[WhiteElo "1992"]
[BlackElo "1973"]
[PlyCount "93"]
[EventDate "2009.12.05"]

1. Nf3 Nf6 2. g3 g6 3. Bg2 Bg7 4. O-O O-O 5. d4 d5 6. Bg5 c5 7. c3 Na6 8. Nbd2
h6 9. Bf4 b6 10. Ne5 Bb7 11. g4 Nc7 12. e3 Ne6 13. Bg3 Ne4 14. Nxe4 dxe4 15.
Re1 Qe8 16. Qc2 cxd4 17. exd4 Rc8 18. Qb3 Ng5 19. Nxg6 e6 20. Nxf8 Qxf8 21. h4
Nf3+ 22. Bxf3 exf3 23. Kh2 Bd5 24. Qd1 f5 25. gxf5 exf5 26. Qd2 Kh7 27. Qf4 Rc6
28. Re3 Rg6 29. Rxf3 Be4 30. Qxe4 fxe4 31. Rxf8 Bxf8 32. Re1 Re6 33. Be5 Be7
34. Rxe4 Kg6 35. Kh3 h5 36. f3 Kf5 37. Rf4+ Kg6 38. c4 Bb4 39. Re4 Kf5 40. Re2
Rc6 41. b3 a5 42. Rg2 Be7 43. Rg7 Bd8 44. Rd7 Rc8 45. Rf7+ Kg6 46. Rf8 a4 47.
f4 1-0

[Event "XXX Memorial Edoardo Crespi A"]
[Site "Milano ITA"]
[Date "2009.12.09"]
[Round "6"]
[White "Sgnaolin, Davide"]
[Black "Robertsen, Thomas"]
[Result "1/2-1/2"]
[WhiteElo "2213"]
[BlackElo "2273"]
[PlyCount "53"]
[EventDate "2009.12.05"]

1. e4 Nf6 2. e5 Nd5 3. d4 d6 4. Nf3 dxe5 5. Nxe5 g6 6. Bc4 c6 7. Nc3 Be6 8. Qf3
Nd7 9. O-O Bg7 10. Re1 O-O 11. Bb3 N7f6 12. Bg5 Nc7 13. Rad1 Nfd5 14. Qg3 f6
15. Nxd5 cxd5 16. Nxg6 fxg5 17. Nxf8 Kxf8 18. Qxg5 Bf7 19. Rd3 e6 20. Qf4 Kg8
21. Rg3 Ne8 22. c3 Qf6 23. Qg4 Nd6 24. Bc2 Nf5 25. Rf3 Bg6 26. Qf4 Rf8 27. Qd2
1/2-1/2

[Event "XXX Memorial Edoardo Crespi A"]
[Site "Milano ITA"]
[Date "2009.12.09"]
[Round "6"]
[White "Shishkin, Vadim"]
[Black "Drazic, Sinisa"]
[Result "1-0"]
[WhiteElo "2515"]
[BlackElo "2519"]
[PlyCount "137"]
[EventDate "2009.12.05"]

1. d4 d5 2. c4 c6 3. Nc3 Nf6 4. Nf3 dxc4 5. a4 Na6 6. e4 Bg4 7. Bxc4 Bxf3 8.
gxf3 e6 9. O-O Be7 10. Kh1 O-O 11. Rg1 Kh8 12. Be3 Nb4 13. Qe2 Qc7 14. Rad1
Rad8 15. Qf1 Nc2 16. Rd2 Nxe3 17. fxe3 g6 18. Qf2 Bb4 19. Rc1 Qa5 20. Bb3 Rd7
21. Rdd1 Bxc3 22. bxc3 Qh5 23. e5 Nd5 24. c4 Nb4 25. c5 a5 26. f4 f6 27. exf6
Rxf6 28. Qg2 Rg7 29. Rg1 h6 30. Rcf1 Kh7 31. Bd1 Qd5 32. Rf3 g5 33. fxg5 Rfg6
34. Rg3 Rxg5 35. Rxg5 Rxg5 36. Qxd5 Nxd5 37. Rxg5 hxg5 38. Bg4 Nc7 39. Kg2 Kg6
40. Kf3 Kf6 41. e4 e5 42. Ke3 Na6 43. Bc8 Nb4 44. dxe5+ Kxe5 45. Bxb7 Nc2+ 46.
Kf3 Nd4+ 47. Kg4 Kxe4 48. Kxg5 Nf3+ 49. Kf6 Kd5 50. h3 Kxc5 51. Bc8 Kd4 52. Bg4
Ne5 53. Bd1 Nd7+ 54. Kf5 c5 55. h4 c4 56. h5 Kd3 57. h6 Nf8 58. Ke5 Kd2 59. Kd4
c3 60. Bb3 c2 61. Bxc2 Kxc2 62. Kc4 Kd2 63. Kb5 Ke3 64. Kxa5 Kf4 65. Kb5 Ke5
66. a5 Ke6 67. a6 Kf7 68. a7 Ne6 69. Kb6 1-0

[Event "XXX Memorial Edoardo Crespi A"]
[Site "Milano ITA"]
[Date "2009.12.09"]
[Round "6"]
[White "Stromboli, Carlo"]
[Black "Pace, Pietro Dario"]
[Result "1-0"]
[WhiteElo "2272"]
[BlackElo "2204"]
[PlyCount "73"]
[EventDate "2009.12.05"]

1. e4 g6 2. d4 Bg7 3. Nc3 c6 4. Nf3 d5 5. h3 Nf6 6. Bd3 dxe4 7. Nxe4 Nxe4 8.
Bxe4 O-O 9. c3 Nd7 10. Bc2 Qc7 11. O-O b6 12. Re1 Re8 13. Bb3 e6 14. Ng5 Nf6
15. Qf3 h6 16. Bf4 Qd8 17. Ne4 Nxe4 18. Qxe4 Bb7 19. Be5 Qe7 20. Bxg7 Kxg7 21.
Qe5+ Kg8 22. f4 Rad8 23. Rad1 Rd7 24. f5 gxf5 25. Rd3 Kh7 26. Rg3 Rg8 27. Rxg8
Kxg8 28. Re3 Qd6 29. Rg3+ Kf8 30. Qg7+ Ke7 31. Rg6 Qf4 32. Rxe6+ Kd8 33. Qh8+
Kc7 34. Qxh6 Qxh6 35. Rxh6 c5 36. Rf6 cxd4 37. cxd4 1-0

[Event "XXX Memorial Edoardo Crespi A"]
[Site "Milano ITA"]
[Date "2009.12.09"]
[Round "6"]
[White "Tomba, Ivan"]
[Black "Cazzaniga, Walter"]
[Result "1-0"]
[WhiteElo "2283"]
[BlackElo "2139"]
[PlyCount "75"]
[EventDate "2009.12.05"]

1. e4 e6 2. d4 d5 3. e5 c5 4. c3 Nc6 5. Nf3 Qb6 6. a3 c4 7. Nbd2 Na5 8. Be2 Bd7
9. O-O f6 10. exf6 gxf6 11. b3 cxb3 12. Rb1 O-O-O 13. c4 Ba4 14. c5 Qc7 15. Bb2
Ne7 16. Bd3 Nec6 17. Re1 Re8 18. Bc3 Bg7 19. Nh4 Kb8 20. Qe2 e5 21. Nf5 Nxd4
22. Qg4 Bf8 23. Nxd4 exd4 24. Qxd4 Rxe1+ 25. Rxe1 Bxc5 26. Qxa4 Bxf2+ 27. Kxf2
Qxc3 28. Qf4+ Ka8 29. Qe3 a6 30. Bf5 d4 31. Qd3 h6 32. Rb1 b2 33. Nf3 Rd8 34.
Rd1 Nc4 35. Qxc3 dxc3 36. Rxd8+ Ka7 37. Rc8 b5 38. Rxc4 1-0

[Event "XXX Memorial Edoardo Crespi A"]
[Site "Milano ITA"]
[Date "2009.12.09"]
[Round "6"]
[White "Tonel, Giulia"]
[Black "Gagliardi, Christian"]
[Result "1/2-1/2"]
[WhiteElo "1967"]
[BlackElo "2244"]
[PlyCount "101"]
[EventDate "2009.12.05"]

1. e4 c5 2. Nf3 Nc6 3. Bb5 g6 4. O-O Bg7 5. Re1 e5 6. Bxc6 dxc6 7. d3 Qe7 8. a3
Nf6 9. h3 Nd7 10. Be3 Nf8 11. Nbd2 Ne6 12. Nc4 f6 13. b4 O-O 14. Nfd2 b6 15.
Rb1 Rd8 16. Nf1 Ba6 17. Bd2 Qf7 18. Nfe3 Rd7 19. Qc1 Rad8 20. Bc3 cxb4 21. axb4
Nf4 22. Kh2 Qe6 23. Qa3 Bc8 24. Nd2 Rf7 25. Qb3 Qd7 26. Ra1 h5 27. Ra3 Qb7 28.
Nf3 Be6 29. Qb2 Qb8 30. Ng1 Qc8 31. Rea1 g5 32. Rxa7 g4 33. Rxf7 Kxf7 34. Ra7+
Kg6 35. h4 Bh6 36. Qa1 b5 37. Qa6 Qxa6 38. Rxa6 Bd7 39. g3 Nh3 40. Nxh3 Bxe3
41. fxe3 gxh3 42. Ra7 Bg4 43. d4 f5 44. Ra6 fxe4 45. Rxc6+ Kf7 46. dxe5 Rd1 47.
Rf6+ Ke7 48. Rf2 Bf3 49. Kxh3 Rh1+ 50. Rh2 Bg4+ 51. Kg2 1/2-1/2

[Event "XXX Memorial Edoardo Crespi A"]
[Site "Milano ITA"]
[Date "2009.12.09"]
[Round "6"]
[White "Vinzoni, Andrea"]
[Black "Astengo, Corrado"]
[Result "1/2-1/2"]
[WhiteElo "2082"]
[BlackElo "2110"]
[PlyCount "30"]
[EventDate "2009.12.05"]

1. d4 d5 2. c4 e6 3. Nc3 c6 4. e3 Nf6 5. Nf3 Nbd7 6. Bd3 dxc4 7. Bxc4 b5 8. Bd3
Bd6 9. O-O O-O 10. a3 e5 11. e4 a6 12. Bg5 exd4 13. Nxd4 Ne5 14. Be2 h6 15. Bh4
Be7 1/2-1/2

[Event "XXX Memorial Edoardo Crespi A"]
[Site "Milano ITA"]
[Date "2009.12.09"]
[Round "6"]
[White "Zanetti, Alberto"]
[Black "Vezzosi, Paolo"]
[Result "1/2-1/2"]
[WhiteElo "2180"]
[BlackElo "2363"]
[PlyCount "33"]
[EventDate "2009.12.05"]

1. e4 g6 2. d4 Bg7 3. Nc3 c6 4. Be3 d6 5. Qd2 b5 6. h4 Nf6 7. f3 h5 8. Nh3 Bxh3
9. gxh3 Nbd7 10. Bg2 Nb6 11. b3 d5 12. O-O e6 13. a4 a6 14. a5 Nbd7 15. Bg5 Qc8
16. b4 Nh7 17. e5 1/2-1/2